Simulation of temperature, nutrients, biochemical oxygen demand, and dissolved oxygen in the Cooper and Wando rivers near Charleston, South Carolina, 1992-95.

Bibliographic Details
Main Author: Conrads, Paul A.
Corporate Authors: Charleston Harbor Project (S.C.), Geological Survey (U.S.)
Other Authors: Smith, Pauley A.
Format: Government Document Book
Language:English
Published: Columbia, S.C. : U.S. Dept. of the Interior, U.S. Geological Survey ; 1997.
Series:Water-resources investigations report ; 97-4151.
Subjects:

MARC

Tag First Indicator Second Indicator Subfields
LEADER 00000cam a2200000 a 4500
001 in00001399862
005 20151020055146.0
008 971027s1997 scuab b f000 0 eng d
010 |a gp 97077515  
035 |a (OCoLC)37846974 
035 |9 AHN3557AM 
040 |d GPO  |d DLC  |d MvI  |d UtOrBLW 
043 |a n-us-sc 
074 |a 0624-B 
086 0 |a I 19.42/4:97-4151 
100 1 |a Conrads, Paul A. 
245 1 0 |a Simulation of temperature, nutrients, biochemical oxygen demand, and dissolved oxygen in the Cooper and Wando rivers near Charleston, South Carolina, 1992-95. 
264 1 |a Columbia, S.C. :  |b U.S. Dept. of the Interior, U.S. Geological Survey ;  |c 1997. 
264 2 |a Denver, Co. :  |b Branch of Information Services [distributor], 
300 |a vi, 58 pages :  |b illustrations, maps ;  |c 28 cm. 
336 |a text  |b txt  |2 rdacontent 
337 |a unmediated  |b n  |2 rdamedia 
338 |a volume  |b nc  |2 rdacarrier 
490 1 |a Water-resources investigations report ;  |v 97-4151 
500 |a Shipping list number: 98-0018-P. 
504 |a Includes bibliographical references (pages 57-58). 
650 0 |a Water temperature  |z South Carolina  |z Cooper River. 
650 0 |a Water  |x Dissolved oxygen  |z South Carolina  |z Cooper River. 
650 0 |a Nutrient pollution of water  |z South Carolina  |z Cooper River. 
650 0 |a Water temperature  |z South Carolina  |z Wando River. 
650 0 |a Stream measurements  |z South Carolina  |z Wando River. 
650 0 |a Sediment transport  |z South Carolina  |z Wando River. 
700 1 |a Smith, Pauley A. 
710 2 |a Charleston Harbor Project (S.C.) 
710 2 |a Geological Survey (U.S.) 
830 0 |a Water-resources investigations report ;  |v 97-4151. 
999 |a MARS 
999 f f |s 6d03411e-869f-38a5-a483-e4c6d62ebaa3  |i 3231a840-6c01-367a-a8ae-fca162c0d82b  |t 0 
952 f f |p normal  |a Texas A&M University  |b College Station  |c Sterling C. Evans Library  |d Evans: US Documents (Annex 5th floor)  |t 0  |e I 19.42/4:97-4151  |h Superintendent of Documents classification  |i unmediated -- volume  |m A14821775489 
998 f f |a I 19.42/4:97-4151  |t 0  |l Evans: US Documents (Annex 5th floor)